Szybka matematyka - potęgowanie - Statystyki

Ogólne statystyki
  • Ten quiz został rozwiązany 20 razy
    9 od ostatniego zresetowania
  • Średni wynik to 14 z 20
Statystyki odpowiedzi
Potęga Liczba % Poprawnych
10 1
100%
11 1
100%
14 1
100%
15 1
100%
50 1
100%
101 10
100%
102 100
100%
103 1000
100%
1010 10000000000
100%
112 121
100%
53 125
100%
24 16
100%
42 16
100%
132 169
100%
211 2048
100%
63 216
100%
35 243
100%
52 25
100%
28 256
100%
162 256
100%
33 27
100%
172 289
100%
62 36
100%
22 4
100%
72 49
100%
51 5
100%
43 64
100%
282 784
100%
34 81
100%
32 9
100%
91 9
100%
302 900
100%
13 1
88%
252 625
83%
106 1000000
75%
122 144
75%
202 400
75%
92 81
75%
105 100000
67%
107 10000000
67%
109 1000000000
67%
152 225
67%
54 625
67%
82 64
67%
71 7
67%
93 729
67%
104 10000
50%
210 1024
50%
27 128
50%
123 1728
50%
142 196
50%
25 32
50%
73 343
50%
212 441
50%
23 8
50%
29 512
33%
83 512
33%
61 6
33%
262 676
33%
203 8000
25%
242 576
14%
12 1
0%
108 100000000
0%
113 1331
0%
44 256
0%
182 324
0%
192 361
0%
222 484
0%
232 529
0%
26 64
0%
36 729
0%
272 729
0%
81 8
0%
292 841
0%
Nie znaleziono quizów pasujących do podanych kryteriów
Rozkład punktacji
Procent ludzi z każdym wynikiem
Percentyl według liczby udzielonych odpowiedzi
Twoja historia wyników
Nie rozwiązałeś tego quizu od ostatniego zresetowania